000 00963nam a22002897a 4500
001 5952
003 FISKH
005 20250211085412.0
008 250211b cb ||||| |||| 00| 0 eng d
020 _a9780545289986
040 _aFISKH
_beng
_cFISKH
_dFISKH
050 _aPZ7.M53328
082 _a813.6
100 _aMercer, Sienna
_d(1956-)
245 _aMy sister the vampire :
_bLove bites /
_cSienna Mercer
250 _aThis edition first published in 2011
260 _aLondon :
_bScholastic,
_c2011.
300 _a195 pages :
_c20 cm
505 _aR
520 _aOlivia and Ivy go to Transylvania to meet their Dad's side of the family. The crown prince of Transylvania seems interested in Olivia and Ivy wonders if he is just being friendly or is up to something.
521 8 _a720
_bLexile
521 8 _aR
_bRaz-Plus
650 _2Vampires
_aNavigator
651 _2Canadian authors
_aAbby book
942 _2ddc
_cBK
_n0
999 _c5952
_d5952